000 00520cam a2200205ua 4500
001 7565
008 141217n ii |||gr||||Z||||||asm
020 _a9789382283768
040 _cMAIN
041 _aasm
082 _a491.451
100 _aDutta, N.,
_eAuthor.
245 _aBhasha sahitya adhyayanar bibidh dish
_cBy Nabahyoti Dutta
250 _a1st.
260 _aDibrugarh:
_bKaustabh,
_c2014.
300 _a96p.
653 _aEast Indo-European & Celtic languages
653 _aAssamese language
942 _cBK
999 _c6687
_d6687